Central Library OPAC University of Rajshahi

Feudalism / (Record no. 25080)

MARC details
000 -LEADER
fixed length control field 01001cam a22002771 4500
001 - CONTROL NUMBER
control field 25080
003 - CONTROL NUMBER IDENTIFIER
rucl marc code BD-RjUL
005 - DATE AND TIME OF LATEST TRANSACTION
control field 20211209050828.0
008 - FIXED-LENGTH DATA ELEMENTS--GENERAL INFORMATION
fixed length control field 140316s1952 enkf b 000 0 eng d
035 ## - SYSTEM CONTROL NUMBER
System control number (BD-RjUL)25149
System control number (OCoLC)1073284
040 ## - CATALOGING SOURCE
Original cataloging agency DLC
Transcribing agency OClW
Modifying agency Uk
-- DLC
-- BD-RjUL
Language of cataloging eng
041 1# - LANGUAGE CODE
Language code of text/sound track or separate title eng
Language code of original fre
082 00 - DEWEY DECIMAL CLASSIFICATION NUMBER
Classification number 321.3
Author mark and year GAF 1952
100 1# - MAIN ENTRY--PERSONAL NAME
Personal name Ganshof, F. L.
Fuller form of name (François Louis),
Dates associated with a name 1895-1980.
9 (RLIN) 77159
245 10 - TITLE STATEMENT
Title Feudalism /
Statement of responsibility, etc. by F. L. Ganshof. Translated by Philip Grierson with a foreword by Sir F. M. Stenton.
260 ## - PUBLICATION, DISTRIBUTION, ETC. (IMPRINT)
Place of publication, distribution, etc. London ;
-- New York :
Name of publisher, distributor, etc. Longmans, Green,
Date of publication, distribution, etc. 1952
300 ## - PHYSICAL DESCRIPTION
Pagination xix, 160 p. :
Illustrations plate. ;
Size 23 cm.
500 ## - GENERAL NOTE
General note "Translated from the French of the 2nd edition of 'Qu'est-ce que la féodalité?' ... but having numerous corrections and additions."
504 ## - BIBLIOGRAPHY, ETC. NOTE
Bibliography, etc Includes bibliographical references.
650 #0 - SUBJECT ADDED ENTRY--TOPICAL TERM
Topical term or geographic name as entry element Feudalism.
9 (RLIN) 77160
942 ## - ADDED ENTRY ELEMENTS (KOHA)
Source of classification or shelving scheme Dewey Decimal Classification
Koha item type Books
Holdings
Lost status Source of classification or shelving scheme Damaged status Not for loan Collection code Permanent Location Current Location Shelving location Date acquired Source of acquisition Cost, normal purchase price Total Checkouts Full call number Date last seen Copy number Koha item type
  Dewey Decimal Classification   Added to bundle Non-fiction Central Library, University of Rajshahi Central Library, University of Rajshahi Reading Room 22/09/1955 B. H. Black Well 0.17   321.3 GAF 1952 16/03/2014 C-1 Books